Acquisti più costosi - Borussia Dortmund - Statistics

Statistiche generali
  • Questo quiz è stato fatto 33 volte
  • Il punteggio medio è 10 su 19
Statistiche sulle risposte
Costo (M €) Da Nazione Anno Calciatore % Corretto
30,50 Bayern Monaco Germania 2019 Mats Hummels
89%
22 Bayern Monaco Germania 2016 Mario Götze
85%
25 Juventus Germania 2020 Emre Can
81%
25 Birmingham City Inghilterra 2020 Jude Bellingham
81%
35 Rennes Francia 2016 Ousmane Dembélé
81%
27,50 Shakhtar Donestk Armenia 2013 Henrikh Mkhitaryan
78%
20,59 Manchester City U18 Inghilterra 2017 Jadon Sancho
78%
31 Ajax Francia/Costa d'Avorio 2022 Sébastien Haller
78%
25 Bayer Leverkusen Germania 2019 Julian Brandt
52%
30 PSV Paesi Bassi 2021 Donyell Malen
44%
30 Red Bull Salisburgo Germania 2022 Karim Adeyemi
44%
25,50 Borussia Mönchengladbach Belgio 2019 Thorgan Hazard
44%
21,50 Basilea Svizzera 2018 Manuel Akanji
41%
21 Barcellona Spagna 2019 Paco Alcácer
41%
30 Wolfsburg Germania 2016 André Schürrle
22%
25,50 Hoffenheim Germania 2019 Nico Schulz
19%
28 Magonza Francia/Senegal 2018 Abdou Diallo
15%
25 Dinamo Kiev Ucraina 2017 Andriy Yarmolenko
15%
25,50 Parma Brasile 2001 Márcio Amoroso
4%
Nessun quiz corrispondente trovato
Distribuzione punteggi
Percentuale di utenti per punteggio
Percentile per numero di risposta
I tuoi punteggi nel tempo
Non hai fatto questo quiz